000 00669cam a22002171i 4500
001 ca 34001822
003 DLC
005 20260227111135.0
008 761208s1932 nyu 000 0 eng
010 _aca 34001822
035 _a(OCoLC)2607662
040 _aDLC
_cMNoW
_dDLC
042 _apremarc
050 0 0 _aPS3505.A728
_bB4 1932
082 _a812.5
100 1 _aCarpenter, Edward Childs,
_d1872-1950.
245 1 4 _aThe bachelor father :
_ba comedy in three acts /
_cby Edward Childs Carpenter.
260 _aNew York ;
_aLos Angeles :
_bFrench,
_c1932.
300 _a144 p. (4 leaves of plates) :
_bill. ;
_c19 cm.
490 0 _aFrench's standard library edition
999 _c17639
_d17639